| 000 | 00772cab a2200229 4500 | ||
|---|---|---|---|
| 001 | WB3416-09 | ||
| 008 | 090401t1998 xxu||||| |||| 00| 0 eng d | ||
| 035 | _a(Sirsi) u85855 | ||
| 041 | _aeng | ||
| 245 | _aCardiff doubles office take-up | ||
| 260 | _c1998 | ||
| 350 | _a0 | ||
| 490 |
_aWestern Mail _v24 April 1998, 16(1) |
||
| 520 | _aMore than 600,000 sq ft of office space was let or sold in Cardiff in 1997, according to Cardiff County Council, compared to 300,000 sq ft in 1996. | ||
| 650 | _aCARDIFF | ||
| 650 | _aOFFICE FLOORSPACE | ||
| 650 | _aPROPERTY-COMMERCIAL PROPERTY-OFFICE PROPERTY-OFFICE PROPERTY MARKET | ||
| 650 | _aOFFICE TAKE-UP | ||
| 690 | _aPROPERTY-COMMERCIAL PROPERTY-COMMERCIAL PROPERTY MARKET | ||
| 942 | _n0 | ||
| 948 | _c28/04/1998 | ||
| 999 |
_c54006 _d54006 |
||